000 00879nam a2200217 a 4500
001 000238751
003 AM-YeHGA
005 20250618071614.0
008 030624s1897 gs |||||r|||||||||1|arm|d
040 _aAM-YeHGA
041 1 _aarm
_hfre
100 1 _aԴօդէ, Ալֆօնս,
_d1840-1897
245 1 0 _aԸնտիր պատմուածքներ /
_cԱլֆօնս Դօդէ ; Թարգմ. ֆրանս.՝ Վ. Փափազեանց ; Թիֆլիսի Հայոց Հրատ. Ընկ.
260 _aԹիֆլիս :
_bտպ. Մ. Շարաձէի,
_c1897.
300 _a215 էջ ;
_c19 սմ.
650 1 4 _aՖրանսիական գրականություն
_xՊատմվածք
700 1 _aՓափազյան, Վրթանես Մեսրոպի,
_d1866-1920
_eթարգմ.
_4trl
_91606
710 2 _aԹիֆլիսի հայոց հրատարակչական ընկերություն
942 _2udc
_cBK
090 _c85785
999 _c84508
_d84508